000 00161 a2200085 4500
041 _aeng
100 _aMaurice sendak
245 _aLa cocina de Noche
942 _cK
999 _c30635
_d30633